书目信息 |
| 题名: |
世界经济地理
|
|
| 作者: | 密努斯金 , 坡利斯 编 ;胡曲园 , 傅于琛 译 | |
| 分册: | ||
| 出版信息: | 昆仑书店 1937 |
|
| 页数: | 全一册 | |
| 开本: | 21cm | |
| 丛书名: | ||
| 单 册: | ||
| 中图分类: | F119.9 | |
| 科图分类: | ||
| 主题词: | 经济--世界 , 国际经济关系 | |
| 电子资源: | ||
| ISBN: | ||
| 000 | 00692nam0 2200229 450 | |
| 001 | 0659370874 | |
| 005 | 20060820163134.93 | |
| 010 | @dCNY1.00 | |
| 100 | @a20060820d1937 km y0chiy0120 ea | |
| 101 | 0 | @achi@crus |
| 200 | 1 | @a世界经济地理@Ashi jie jing ji di li@f密努斯金,坡利斯编@Fmi nu si jin,po li si bian@g胡曲园,傅于琛译@Ghu qu yuan,fu yu chen yi |
| 210 | @c昆仑书店@d1937 | |
| 215 | @a全一册@d21cm | |
| 606 | 0 | @a经济@x世界 |
| 606 | 0 | @a国际经济关系 |
| 690 | @aF119.9@v3 | |
| 701 | 0 | @a密努斯金@Ami nu si jin@4编 |
| 701 | 0 | @a坡利斯@Apo li si@4编 |
| 702 | 0 | @a胡曲园@Ahu qu yuan@4译 |
| 702 | 0 | @a傅于琛@Afu yu chen@4译 |
| 801 | 0 | @aCN@bPFT@c20060820 |
| 905 | @a10447@dF119.9@e100 | |
| 世界经济地理/密努斯金,坡利斯编/胡曲园,傅于琛译.-昆仑书店,1937 |
| 全一册;21cm |
| ISBN :CNY1.00 |
| ● |
| 相关链接 |
|
|
|
|
正题名:世界经济地理
索取号:F119.9/100
 
预约/预借
| 序号 | 登录号 | 条形码 | 馆藏地/架位号 | 状态 | 备注 |
| 1 | 0471710 | 204717100 | 密集书库/ [索取号:F119.9/100] | 在馆 |